00279nam a2200097Ia 4500008004100000100003000041245005000071260003400121260000900155999001700164170620s9999 xx 000 0 und d aMishra- Brundaban Chandra 0aPersonality Patterns and Academic Achievement bNew Delhi- Sonali Publication c2005 c24497d24497